banner koha

Lamiaceae na Serra Negra, Minas Gerais, Brasil (Registro n. 331156)

MARC details
000 -LÍDER
fixed length control field 02862nab a2200277 i 4500
003 - CÓDIGO MARC DA AGÊNCIA CATALOGADORA
Campo de controle BR-BrBNA
005 - DATA E HORA DA ÚLTIMA ATUALIZAÇÃO
Campo de controle 20250423093555.0
008 - CAMPO DE TAMANHO FIXO
fixed length control field 250423b2017 bl.qr|pooa||| 00| 0 por |
040 ## - FONTE DA CATALOGAÇÃO
Agência catalogadora BR-BrBNA
Idioma da catalogação por
072 ## - CATEGORIA AGRIS
Código AGRIS F70
100 ## - ENTRADA PRINCIPAL - NOME PESSOAL
Nome pessoal Mota, Michelle Christine de Almeida
100 ## - ENTRADA PRINCIPAL - NOME PESSOAL
Nome pessoal Pastore, José Floriano Barêa
100 ## - ENTRADA PRINCIPAL - NOME PESSOAL
Nome pessoal Marques Neto, Roberto
100 ## - ENTRADA PRINCIPAL - NOME PESSOAL
Nome pessoal Harley, Raymond Mervyn
100 ## - ENTRADA PRINCIPAL - NOME PESSOAL
Nome pessoal Salimena, Fátima Regina
245 ## - TÍTULO PRINCIPAL
Título principal Lamiaceae na Serra Negra, Minas Gerais, Brasil
500 ## - NOTA GERAL
Nota geral Publicação on-line; 13 ref.; 4 illus.; Summaries (En, Pt)
942 ## - ADDED ENTRY ELEMENTS (KOHA)
Koha item type Analítica
520 ## - NOTA DE RESUMO
Nota de conteúdo <br/><br/>Resumo<br/><br/>A Serra Negra está inserida na área do Complexo da Serra da Mantiqueira, no domínio da Mata Atlântica,<br/>com altitudes entre 800 e 1.650 m, com vegetação em mosaico representada, entre outros, por campos<br/>rupestres em afloramentos quartzíticos e floresta nebulares. A família Lamiaceae (Labiatae) está<br/>representada na Serra Negra por 10 gêneros e 17 espécies: Aegiphila integrifolia, Cantinoa carpinifolia, <br/>C. macrotera, C. muricata, Eriope macrostachya, Hoehnea scutellarioides, Hyptidendron asperrimum,<br/>Hyptis lanceolata, H. monticola, H. radicans, Mesosphaerum sidifolium, M. suaveolens, Rhabdocaulon<br/>coccineum, Salvia arenaria, S. viscida, Vitex polygama e V. sellowiana. São aqui apresentadas chave<br/>de identificação para todos os táxons, descrições para as espécies, ilustrações, distribuição geográfica e<br/>comentários taxonômicos.<br/><br/>Palavras-chave: florística, área de endemismo, Labiatae, Salvia viscida, serras quartizíticas.<br/><br/><br/><br/><br/><br/>Abstract<br/><br/>The Serra Negra is part of the Mantiqueira mountain range in the Atlantic Florest. With altitudes between<br/>800 and 1,650 m and a vegetation mosaic composed primarily of “campo rupestre” on quartzitic rock<br/>outcrops and cloud forest assemblages. The Lamiaceae is represented in the Serra Negra by 10 genera and<br/>17 species: Aegiphila integrifolia, Cantinoa carpinifolia, C. macrotera, C. muricata, Eriope macrostachya,<br/>Hoehnea scutellarioides, Hyptidendron asperrimum, Hyptis lanceolata, H. monticola, H. radicans,<br/>Mesosphaerum sidifolium, M. suaveolens, Rhabdocaulon coccineum, Salvia arenaria, S. viscida, Vitex<br/>polygama and V. sellowiana. This study includes a identification key for all taxa, species descriptions,<br/>geographical and taxonomic notes.<br/><br/>Key words: floristic, endemic, Labiatae, Salvia viscida, Serra da Mantiqueira.
650 ## - ASSUNTO - THESAGRO
Cabeçalho tópico ou nome geográfico COMPOSIÇÃO BOTÂNICA
650 ## - ASSUNTO - THESAGRO
Cabeçalho tópico ou nome geográfico SÁLVIA
650 ## - ASSUNTO - THESAGRO
Cabeçalho tópico ou nome geográfico TAXONOMIA
773 0# - ENTRADA ANALÍTICA
Host Biblionumber 709
Registro do item 349992
Imprenta Rio de Janeiro-RJ Jardim Botanico do Rio de Janeiro 1935
Outro identificador 2025-2514
Título Rodriguésia (Brazil)
ISSN 0370-6583; 2175-7860 on-line
Colação v. 68(1) p. 143-157; (2017)
Número de controle de registro BR2025000740
856 ## - ACESSO E ENDEREÇO ELETRÔNICO
Identificador uniforme de recurso - URI https://www.scielo.br/j/rod/a/3tTRyHk7Jb7qcmx5c3CdLzs/?format=pdf&lang=pt

Nenhum exemplar disponível.

BINAGRI

Telefone: (61)3218-2567/2388/3357/2097 - binagri@agro.gov.br

Ministério da Agricultura e Pecuária , Esplanada dos Ministérios, Bloco D, Anexo B, Brasília/DF, CEP: 70.043-900